Implementación del Sistema de Reconocimiento Facial de Prófugos (SRFP) de la Ciudad Autónoma de Buenos Aires : (Registro nro. 6518)
[ vista simple ]
| 000 -LEADER | |
|---|---|
| fixed length control field | 02126nab a22003017a 4500 |
| 003 - CONTROL NUMBER IDENTIFIER | |
| control field | OSt |
| 005 - DATE AND TIME OF LATEST TRANSACTION | |
| control field | 20260219100443.0 |
| 008 - FIXED-LENGTH DATA ELEMENTS--GENERAL INFORMATION | |
| fixed length control field | 190429b xxu||||| |||| 00| 0 spa d |
| 040 ## - CATALOGING SOURCE | |
| Transcribing agency | PJ |
| 100 ## - MAIN ENTRY--PERSONAL NAME | |
| 9 (RLIN) | 4642 |
| Personal name | Vaninetti, Hugo A. |
| 245 10 - TITLE STATEMENT | |
| Title | Implementación del Sistema de Reconocimiento Facial de Prófugos (SRFP) de la Ciudad Autónoma de Buenos Aires :<br/> |
| Remainder of title | el necesario resguardo de los derechos y garantías constitucionales / |
| Statement of responsibility, etc | Hugo A. Vaninetti. |
| 260 ## - PUBLICATION, DISTRIBUTION, ETC. (IMPRINT) | |
| Date of publication, distribution, etc | Ciudad Autónoma de Buenos Aires : |
| Place of publication, distribution, etc | Thomson Reuters La Ley, |
| Name of publisher, distributor, etc | 2024. |
| 300 ## - PHYSICAL DESCRIPTION | |
| Extent | p. 231-238 |
| 500 ## - GENERAL NOTE | |
| General note | Cita: TR LALEY AR/DOC/1470/2023 |
| 505 ## - FORMATTED CONTENTS NOTE | |
| Formatted contents note | Sumario: I. Palabras previas.— II. Antecedentes del caso.— III. Sentencia de la Cámara de Apelaciones en lo Contencioso Administrativo Tributario y Relaciones de Consumo de la Ciudad Autónoma de Buenos Aires.— IV. Biometría. Afectación del derecho a la intimidad e imagen.— V. La imagen como dato personal. Derecho a la intimidad.— VI. El dato biométrico como dato personal. Resolución 4/2019 de la Agencia de Acceso a la Información Pública.— VII. Sistemas de Reconocimiento Facial. Definición.— VIII. Reconocimiento facial automático y la Inteligencia Artificial (IA).— IX. Problemas que acarrea el reconocimiento facial.— X. Palabras finales. |
| 505 ## - FORMATTED CONTENTS NOTE | |
| Formatted contents note | Fallo comentado: CContenciosoadministrativo, Trib. y Relaciones de Consumo, Ciudad Autónoma de Buenos Aires, sala I ~ 28/04/2023 ~ Observatorio de Derecho Informático Argentino O.D.I.A. y otros c. GCBA s/ Amparo - Otros. |
| 505 ## - FORMATTED CONTENTS NOTE | |
| Title | Si te interesa el texto completo, solicitalo a koha@justierradelfuego.gov.ar |
| 650 #0 - SUBJECT ADDED ENTRY--TOPICAL TERM | |
| 9 (RLIN) | 343 |
| Topical term or geographic name as entry element | DERECHO PENAL |
| 650 #0 - SUBJECT ADDED ENTRY--TOPICAL TERM | |
| 9 (RLIN) | 290 |
| Topical term or geographic name as entry element | SOFTWARE |
| 650 #0 - SUBJECT ADDED ENTRY--TOPICAL TERM | |
| 9 (RLIN) | 2876 |
| Topical term or geographic name as entry element | MEDIDAS DE SEGURIDAD |
| 650 #0 - SUBJECT ADDED ENTRY--TOPICAL TERM | |
| 9 (RLIN) | 4026 |
| Topical term or geographic name as entry element | FUERZAS DE SEGURIDAD |
| 650 #0 - SUBJECT ADDED ENTRY--TOPICAL TERM | |
| 9 (RLIN) | 3016 |
| Topical term or geographic name as entry element | POLÍTICAS PUBLICAS |
| 650 #0 - SUBJECT ADDED ENTRY--TOPICAL TERM | |
| 9 (RLIN) | 2724 |
| Topical term or geographic name as entry element | DERECHO A LA INTIMIDAD |
| 650 #0 - SUBJECT ADDED ENTRY--TOPICAL TERM | |
| 9 (RLIN) | 5557 |
| Topical term or geographic name as entry element | DERECHO A LA IMAGEN |
| 650 #0 - SUBJECT ADDED ENTRY--TOPICAL TERM | |
| 9 (RLIN) | 4108 |
| Topical term or geographic name as entry element | DATOS PERSONALES |
| 773 0# - HOST ITEM ENTRY | |
| Host Biblionumber | 2658 |
| Host Itemnumber | 3164 |
| Title | Revista de derecho penal y criminología. Nº 7 - Julio 2024 |
| Place, publisher, and date of publication | Ciudad Autónoma de Buenos Aires : Thomson Reuters La Ley, 2017- |
| International Standard Serial Number | 00347914 |
| 942 ## - ADDED ENTRY ELEMENTS (KOHA) | |
| Source of classification or shelving scheme | |
| Koha item type | Analítica Artículo de Revista |
No hay ítems disponibles.
